OPAC | Catalogo Arcigay delle biblioteche LGBTQIA+

Il Catalogo di Arcigay delle Biblioteche LGBTQIA+ è un servizio fornito grazie alla collaborazione tra Arcigay nazionale e le associazioni locali aderenti al progetto che conservano e rendono pubbliche biblioteche a tema LGBTQIA+.

La vita segreta di J. Edgar Hoover, direttore dell'F.B.I. / (Record no. 13705)

MARC details
000 -LEADER
campo di controllo lung. fissa 00964nam a2200253 i 4500
001 - Numero di controllo
campo di controllo IT\ICCU\BVE\0036676
003 - Identificatore del numero di controllo
campo di controllo ItRI
005 - Data e orario dell'ultima transazione
campo di controllo 20260115231912.0
008 - Elementi di lunghezza fissa--Informazione generale
campo di controllo lung. fissa 930416s1993 it |||||| ||||| |||||c
015 ## - Numero della bibliografia nazionale
Fonte IT
Numero della bibliografia nazionale EDI-498
020 ## - ISBN (International Standard Book Number)
ISBN (International Standard Book Number) 884522001X
040 ## - Fonte della catalogazione
Lingua della catalogazione ita
Agenzia che fa la trascrizione importazione bologna sebina
041 #7 - Codice di lingua
Codice di lingua del testo/traccia sonora o titolo separato ita
Fonte del codice ISO-639-2
082 ## - Numero di classificazione Decimale Dewey
Numero di classificazione 354.7300740924
-- AMMINISTRAZIONE CENTRALE STATUNITENSE. Organi di polizia. Singole persone
Numero dell'edizione 19
100 1# - Accesso principale -- nome di persona
Nome di persona Summers, Anthony
Numero del record di authority o numero standard IT\ICCU\CFIV\013328
Relazione: aut
240 10 - Titolo uniforme
Titolo uniforme Official and confidential. -
-- IT\ICCU\BVE\0036678
9 (RLIN) Summers, Anthony
245 13 - Formulazione del titolo
Titolo La vita segreta di J. Edgar Hoover, direttore dell'F.B.I. /
Formulazione di responsabilità, ecc. Anthony Summers.
246 13 - Varianti del titolo
Titolo proprio/titolo breve J. Edgar Hoover. -
-- IT\ICCU\BVE\0036679
260 ## - Pubblicazione, distribuzione, ecc. (stampa)
Luogo di pubblicazione, distribuzione, ecc. Milano :
Nome dell'editore, distributore, ecc. Bompiani,
Data di pubblicazione, distribuzione, ecc. 1993
300 ## - Descrizione fisica
Estensione 529 p., \8! c. di tav. :
Altre particolarità fisiche ill. ;
Dimensioni 25 cm
500 ## - Nota generale
Nota generale Trad. di Adriana Dell'Orto, Tilde Riva, Nicoletta Rosati.
650 #7 - Accesso aggiunto di soggetto--termine topico
Termine topico o nome geografico come accesso Hoover, John Edgar
Fonte dell'intestazione o del termine scbi
942 ## - Dati aggiuntivi (Koha)
Fonte della classificazione o dello schema di collocazione (segnatura) Classificazione decimale Dewey
Tipo copia default (Koha) Libri
Nasconto in Opac No
Holdings
Status ritirato Status smarrito: Status danneggiato: Escluso dal prestito Biblioteca di appartenenza Biblioteca corrente Data di acquisti Numero d'inventario Totale prestiti Collocazione Codice a barre Data ultima revisione Prezzo effettivo da Tipo copia default (Koha) Nota pubblica
        BOLOGNA | Centro di Documentazione "Flavia Madaschi" Cassero LGBTQIA+ Center BOLOGNA | Centro di Documentazione "Flavia Madaschi" Cassero LGBTQIA+ Center 15/01/2026 19055   DOC 353.360 SUM BO19055 15/01/2026 15/01/2026 Libri 1 v. (2. ed., ma rist. 1993.- 2. copia)
        BOLOGNA | Centro di Documentazione "Flavia Madaschi" Cassero LGBTQIA+ Center BOLOGNA | Centro di Documentazione "Flavia Madaschi" Cassero LGBTQIA+ Center 15/01/2026 3293   DOC 810.992 SUM BO3293 15/01/2026 15/01/2026 Libri 1 v.
Se cerchi informazioni su Arcigay, le puoi trovare nel nostro sito: www.arcigay.it